| 000 | 01787nam a2200409Ia 4500 | ||
|---|---|---|---|
| 001 | vtls003239167 | ||
| 003 | MY-SjTCS | ||
| 005 | 20200226115436.0 | ||
| 006 | m u | ||
| 007 | cr cn||||||||| | ||
| 008 | 120829s2011 inua sb 001 0 eng d | ||
| 010 | _z2010-051478 | ||
| 020 | _z1575062097 | ||
| 020 | _z9781575062099 | ||
| 020 | _z9781575066462 | ||
| 035 | _a(OCoLC)759160113 | ||
| 035 | _a(CaPaEBR)ebr10495949 | ||
| 039 | 9 |
_y201208291111 _zwilmina |
|
| 040 |
_aCaPaEBR _cCaPaEBR |
||
| 050 | 1 | 4 |
_aPJ3837.E7 _bL45 2011eb |
| 100 | 0 |
_aEsarhaddon, _cKing of Assyria, _dd. 669 B.C. |
|
| 245 | 1 | 4 |
_aThe royal inscriptions of Esarhaddon, king of Assyria (680-669 BC) _h[electronic resource] / _c[edited by] Erle Leichty ; with a contribution by Grant Frame and the editorial assistance of Jamie Novotny, Matthew T. Rutz, and Amy E. Barron. |
| 260 |
_aWinona Lake, Ind. : _bEisenbrauns, _c2011. |
||
| 300 |
_axxxiii, 352 p. : _bill. |
||
| 490 | 0 |
_aThe royal inscriptions of the neo-Assyrian period ; _vv. 4 |
|
| 504 | _aIncludes bibliographical references and index. | ||
| 533 |
_aElectronic reproduction. _bPalo Alto, Calif. : _cebrary, _d2011. _nAvailable via World Wide Web. _nAccess may be limited to ebrary affiliated libraries. |
||
| 600 | 0 | 0 |
_aEsarhaddon, _cKing of Assyria, _dd. 669 B.C. |
| 650 | 0 |
_aAkkadian language _vTexts. |
|
| 650 | 0 | _aCuneiform inscriptions, Akkadian. | |
| 651 | 0 |
_aAssyria _xHistory _vSources. |
|
| 651 | 0 |
_aAssyria _xKings and rulers. |
|
| 655 | 7 |
_aElectronic books. _2local |
|
| 700 | 1 |
_aLeichty, Erle, _d1933- |
|
| 710 | 2 |
_aebrary, Inc. _925628 |
|
| 856 | 4 | 0 |
_uhttps://ezproxy.taylors.edu.my/login?url=http://site.ebrary.com/lib/taylorscollege/Doc?id=10495949 _zAn electronic book accessible through the World Wide Web; click to view |
| 999 | _c148503 | ||